| 000 | 00933fam a2200313 a 4500 | ||
|---|---|---|---|
| 999 |
_c18128 _d18128 |
||
| 001 | 4060551 | ||
| 005 | 20161202153327.0 | ||
| 008 | 990520s2000 njua b 001 0 eng c | ||
| 010 | _a 99033333 | ||
| 020 | _a0805331840 | ||
| 035 | _a(OCoLC)41452702 | ||
| 035 | _a(OCoLC)ocm41452702 | ||
| 035 | _a(NNC)4060551 | ||
| 040 |
_aDNLM/DLC _cDLC _dDLC _dNNC-M |
||
| 050 | 0 | 0 | _aRT 41 .K72 2000 |
| 245 | 0 | 0 |
_aFundamentals of nursing : _bconcepts, process, and practice / _cBarbara Kozier ... [et al.]. |
| 250 | _a6th ed. | ||
| 260 |
_aUpper Saddle River, N.J. : _bPrentice Hall Health, _cc2000. |
||
| 300 |
_axxiv, 1479 p. : _bill. (some col.) ; _c28 cm. |
||
| 504 | _aIncludes bibliographical references and index. | ||
| 650 | 0 | _aNursing. | |
| 650 | 1 | 2 | _aNursing Process. |
| 650 | 2 | 2 | _aNursing Care. |
| 700 | 1 | _aKozier, Barbara. | |
| 942 |
_2lcc _cBOOKS _hRT 41 .K72 2000 |
||